London Underground Piccadilly Line Stations - Statistics

General Stats
  • This quiz has been taken 12 times
  • The average score is 44 of 52
Answer Stats
Answer % Correct
Arsenal
100%
Bounds Green
100%
Caledonian Road
100%
Cockfosters
100%
Holloway Road
100%
King's Cross Saint Pancras
100%
Manor House
100%
Southgate
100%
Acton Town
83%
Alperton
83%
Arnos Grove
83%
Barons Court
83%
Boston Manor
83%
Covent Garden
83%
Ealing Common
83%
Earl's Court
83%
Eastcote
83%
Finsbury Park
83%
Gloucester Road
83%
Green Park
83%
Hatton Cross
83%
Heathrow Terminal 4
83%
Heathrow Terminal 5
83%
Heathrow Terminals 1, 2 & 3
83%
Hillingdon
83%
Holborn
83%
Hounslow Central
83%
Hounslow West
83%
Hyde Park Corner
83%
Ickenham
83%
Knightsbridge
83%
Leicester Square
83%
North Ealing
83%
Northfields
83%
Oakwood
83%
Osterley
83%
Park Royal
83%
Piccadilly Circus
83%
Ruislip
83%
Ruislip Manor
83%
Russell Square
83%
South Ealing
83%
South Harrow
83%
South Kensington
83%
Sudbury Hill
83%
Sudbury Town
83%
Turnpike Lane
83%
Uxbridge
83%
Hammersmith
67%
Hounslow East
67%
Rayners Lane
67%
Wood Green
67%
No matching quizzes found
Score Distribution
Percent of People with Each Score
Percentile by Number Answered
Your Score History
You have not taken this quiz